| 000 -ლიდერი |
| ფიქსირებული სიგრძის საკონტროლო ველი |
01576nam a2200241Ia 4500 |
| 001 - საკონტროლო ნომერი |
| საკონტროლო ველი |
19071 |
| 003 - საკონტროლო ნომრის იდენტიფიკატორი |
| საკონტროლო ველი |
GE_BSU |
| 005 - ბოლო ოპერაციის თარიღი და დრო |
| საკონტროლო ველი |
20210423161728.0 |
| 008 - ფიქსირებული სიგრძის მონაცემთა ელემენტები - ზოგადი ინფორმაცია |
| ფიქსირებული სიგრძის საკონტროლო ველი |
181216s2013||||ge |||||||||||||| ||geo|| |
| 040 ## - კატალოგიზაციის წყარო |
| Transcribing agency |
GE_BSU |
| 041 ## - ენის კოდი |
| Language code of text/sound track or separate title |
geo |
| 080 ## - უნივერსალური ათობითი კლასიფიკაციის ინდექსი |
| Universal Decimal Classification number |
81 რ-73 |
| 100 ## - მთავარი ჩანაწერი - პიროვნების სახელი |
| Personal name |
როდინაძე, შოთა |
| 9 (RLIN) |
11578 |
| 245 ## - ცნობა სათაურის შესახებ |
| Title |
ადამიანური მიმართებების ეთნო - მენტალური ველი ინგლისური, ქართული და რუსული ლოგოეპისტემების მიხედვით / |
| Statement of responsibility, etc |
შოთა როდინაძე; სამეცნიერო ხელმძრვანელი დ. გოცირიძე; ბათუმის შოთა რუსთაველის სახ-ფო უნ-ტი. |
| 264 ## - წარმოების, გამოცემის, დისტრიბუციის და სხვა ცნობები |
| გამოცემის, წარმოების, დისტრიბუციის... ადგილი |
ბათუმი, |
| გამოცემის, წარმოების, დისტრიბუციის... თარიღი |
2013 |
| 300 ## - ფიზიკური აღწერა |
| Extent |
141გვ. ; |
| Other physical details |
30 სმ. |
| 653 ## - INDEX TERM--UNCONTROLLED |
| Uncontrolled term |
ადამიანური მიმართებების ეთნო - მენტალური ველი ინგლისური, ქართული და რუსული ლოგოეპისტემების მიხედვით |
| 653 ## - INDEX TERM--UNCONTROLLED |
| Uncontrolled term |
დისერტაცია |
| 653 ## - INDEX TERM--UNCONTROLLED |
| Uncontrolled term |
ენათმეცნიერება |
| 700 ## - ADDED ENTRY--PERSONAL NAME |
| Personal name |
გოცირიძე, დ. |
| Relator term |
სამეცნიერო ხელმძრვანელი |
| 9 (RLIN) |
10308 |
| 710 ## - ADDED ENTRY--CORPORATE NAME |
| Corporate name or jurisdiction name as entry element |
ბათუმის შოთა რუსთაველის სახ-ფო უნ-ტი |
| 9 (RLIN) |
11579 |
| 942 ## - ADDED ENTRY ELEMENTS (KOHA) |
| Koha item type |
წიგნი |
| Source of classification or shelving scheme |
|